| 000 | 00923cab a2200277 4500 | ||
|---|---|---|---|
| 001 | ABS46708 | ||
| 008 | 090401t1992 xxu||||| |||| 00| 0 eng d | ||
| 035 | _a(Sirsi) u59293 | ||
| 041 | _aeng | ||
| 100 | _aFairhurst, H.M. | ||
| 245 | 4 | _aThe cathedrals survey 1991 | |
| 260 | _c1992 | ||
| 350 | _a0 | ||
| 490 |
_aStructural Survey _v11(1) Summer 1992, 25-28(3) |
||
| 520 | _aReview of the Cathedrals survey undertaken last year by the author with a view to the granting of funds by the Government to aid major repairs to their fabric. | ||
| 650 | _aCARE OF CATHEDRALS MEASURE 1990 | ||
| 650 | _aCATHEDRALS FABRIC SURVEY | ||
| 650 | _aCATHEDRALS GRANTS | ||
| 650 | _aCATHEDRALS | ||
| 650 | _aENGLISH HERITAGE | ||
| 650 | _aGRANTS | ||
| 650 | _aBUILT ENVIRONMENT-BUILDING MAINTENANCE AND REFURBISHMENT | ||
| 690 | _aBUILDING AND CONSTRUCTION-REPAIRS AND MAINTENANCE | ||
| 942 | _n0 | ||
| 948 | _c04/03/1997 | ||
| 999 |
_c36369 _d36369 |
||